|
|
|
|
| LEADER |
02762nam a2200505 4500 |
| 001 |
ocn953020666 |
| 003 |
OCoLC |
| 005 |
20180501122031.0 |
| 006 |
m o d |
| 007 |
cr cnu---unuuu |
| 008 |
160705s2016 maua o 001 0 eng d |
| 040 |
|
|
|a OPELS
|b eng
|e rda
|e pn
|c OPELS
|d UIU
|d YDXCP
|d EBLCP
|d OCLCF
|d N$T
|d OCLCQ
|d IDEBK
|d N$T
|d OCLCQ
|d MEU
|d GrThAP
|
| 019 |
|
|
|a 952650062
|a 952665285
|
| 020 |
|
|
|a 9780128043370
|q (electronic bk.)
|
| 020 |
|
|
|a 0128043377
|q (electronic bk.)
|
| 020 |
|
|
|a 9780128042724
|q (print)
|
| 020 |
|
|
|a 0128042729
|
| 035 |
|
|
|a (OCoLC)953020666
|z (OCoLC)952650062
|z (OCoLC)952665285
|
| 050 |
|
4 |
|a TA418.9.N35
|b .T86eb
|
| 072 |
|
7 |
|a TEC
|x 009000
|2 bisacsh
|
| 072 |
|
7 |
|a TEC
|x 035000
|2 bisacsh
|
| 082 |
0 |
4 |
|a 620.1/15
|2 23
|
| 049 |
|
|
|a TEFA
|
| 245 |
0 |
0 |
|a 2D Materials /
|c edited by Francesca Iacopi, John J. Boeckl, and Chennupati Jagadish.
|
| 246 |
3 |
|
|a Two-D Materials
|
| 264 |
|
1 |
|a Cambridge, MA :
|b Academic Press is an imprint of Elsevier,
|c 2016.
|
| 300 |
|
|
|a 1 online resource (xviii, 340 pages :
|b illustrations).
|
| 336 |
|
|
|a text
|b txt
|2 rdacontent
|
| 337 |
|
|
|a computer
|b c
|2 rdamedia
|
| 338 |
|
|
|a online resource
|b cr
|2 rdacarrier
|
| 490 |
1 |
|
|a Semiconductors and semimetals ;
|v volume 95
|
| 546 |
|
|
|a Text in English.
|
| 520 |
|
|
|a 2D Materials contains the latest information on the current frontier of nanotechnology, the thinnest form of materials to ever occur in nature. A little over 10 years ago, this was a completely unknown area, not thought to exist. However, since then, graphene has been isolated and acclaimed, and a whole other class of atomically thin materials, dominated by surface effects and showing completely unexpected and extraordinary properties has been created. This book is ideal for a variety of readers, including those seeking a high-level overview or a very detailed and critical analysis. No nanotechnologist can currently overlook this new class of materials.
|
| 588 |
0 |
|
|a Online resource; title from PDF title page (ScienceDirect, viewed July 5, 2016).
|
| 650 |
|
0 |
|a Nanostructured materials.
|
| 650 |
|
7 |
|a Nanostructured materials.
|2 fast
|0 (OCoLC)fst01032630
|
| 650 |
|
7 |
|a TECHNOLOGY & ENGINEERING / Engineering (General)
|2 bisacsh
|
| 650 |
|
7 |
|a TECHNOLOGY & ENGINEERING / Reference
|2 bisacsh
|
| 655 |
|
4 |
|a Electronic books.
|
| 700 |
1 |
|
|a Iacopi, F.
|q (Francesca),
|e editor.
|
| 700 |
1 |
|
|a Boeckl, John J.,
|e editor.
|
| 700 |
1 |
|
|a Jagadish, C.
|q (Chennupati),
|e editor.
|
| 776 |
0 |
8 |
|i Print version:
|t 2D materials.
|d Cambridge, MA : Academic Press is an imprint of Elsevier, 2016
|z 0128042729
|z 9780128042724
|w (OCoLC)944209954
|
| 830 |
|
0 |
|a Semiconductors and semimetals ;
|v v. 95.
|
| 856 |
4 |
0 |
|u https://www.sciencedirect.com/science/bookseries/00808784/95
|z Full Text via HEAL-Link
|